| 000 | 00536nam a22001937a 4500 | ||
|---|---|---|---|
| 999 |
_c9292 _d9292 |
||
| 003 | AR-CdUCM | ||
| 008 | 190327b ||||| |||| 00| 0 spa d | ||
| 040 |
_aMUNICIPALIDAD PROVINCIAL DEL CUSCO _cBIBLIOTECA MUNICIPAL DEL CUSCO |
||
| 082 |
_a803.08 / _bA30 |
||
| 100 |
_aBaroja, Pío _910844 |
||
| 245 | _aLa casa de Aizgorri / | ||
| 260 |
_aArgentina : _bEspasa, _c1943. |
||
| 300 |
_a151 páginas ; _c18 cm. |
||
| 440 |
_aColección Austral _9172 |
||
| 505 | _aNovela. | ||
| 650 |
_aNovela. _95 |
||
| 942 |
_2ddc _cLIBROS |
||
| 945 | _awfj | ||